00664nam a2200217 i 4500001001000000003000900010005001700019007000300036008004100039040003000080041000800110082001900118245004500137264007800182300002200260336002700282337003300309338002800342500004200370500003400412000030312DO-SdBNP20250217105317.0ta110509s1977 dr 000 0 spa d aDO-SdBNPbspacBNPHUerda hspa axxxbA414B22210aJuan Antonio Alix /cJoaquín Balaguer. aSantiago, República Dominicana :bBiblioteca Popular Dominicana,c1977. avolumen ;c15 cm. ardacontentbtexto2txt ardamediabsin mediación2n ardacarrierbvolumen2nc aIncluye notas al pie de las páginas aLa biblioteca posee el vol. 1